Miyazakiworld : a life in art /

The story of filmmaker Hayao Miyazaki's life and work, including his significant impact on Japan and the world.

Detalles Bibliográficos
Autor Principal: Napier, Susan Jolliffe (Author)
Formato: Libro
Idioma:English
Publicado: New Haven ; London : Yale University Press, 2018.
©2018
Subjects:
Classic Catalogue: View this record in Classic Catalogue
LEADER 04114nam a2200553 i 4500
001 45796
003 BD-DhAAL
005 20260518172655.0
008 260517t20182018ctuaf b 001 0beng d
010 |a  2017958122 
015 |a GBB8E4849  |2 bnb 
016 7 |a 019006891  |2 Uk 
020 |a 9780300248593 
020 |a 9780300226850 
020 |a 0300226853 
035 |a 20069957 
035 |a (OCoLC)1024157524 
040 |a YDX  |b eng  |c YDX  |e rda  |d CSH  |d OCLCF  |d IMT  |d OWS  |d NZAUC  |d OCLCO  |d VP@  |d RCE  |d UKMGB  |d UIU  |d OCLCO  |d DAC  |d TFW  |d OCLCO  |d XFF  |d QX7  |d CHVBK  |d OCLCO  |d TCJ  |d OCLCO  |d CSA  |d OCLCO  |d JBG  |d IBA  |d OCLCO  |d DLC  |d BD-DhAAL 
042 |a lccopycat 
043 |a a-ja--- 
050 0 0 |a PN1998.3.M577  |b N36 2018 
082 0 4 |a 791.430233092  |2 23 
100 1 |a Napier, Susan Jolliffe,  |e author.  |9 60672 
245 1 0 |a Miyazakiworld :  |b a life in art /  |c Susan Napier. 
246 3 |a Miyazaki world 
260 |a New Haven ;  |a London :  |b Yale University Press,  |c 2018. 
264 4 |c ©2018 
300 |a xviii, 305 pages, 16 unnumbered pages of plates :  |b illustrations (some color) ;  |c 20 cm 
504 |a Includes bibliographical references (pages 265-288) and index. 
505 0 |a Prologue: In search of Miyazakiworld -- Hametsu -- Constructing an animator -- The joy of movement -- Ups and downs : Castle of Cagliostro -- Nausicaä and "the feminine principle" -- Orphans of the sky : Laputa: Castle in the Sky -- Umbrellas in the haunted forest : transcending national and personal trauma in My Neighbor Totoro -- The witch and the city : time, space, and gender in Kiki's Delivery Service -- Porco Rosso lands in Casablanca -- From messiah to shaman : the Nausicaä manga seeks light in the darkness -- The faces of others : boundary crossing in Princess Mononoke -- The intimate apocalypse of Spirited Away -- The castle, the curse, and the collectivity : Howl's Moving Castle -- Rich and strange : the apocalypse of the innocents in Ponyo -- "A terrible wind" : The Wind Rises -- Conclusion. 
520 |a The story of filmmaker Hayao Miyazaki's life and work, including his significant impact on Japan and the world. 
520 |a "A thirtieth-century toxic jungle, a bathhouse for tired gods, a red-haired fish girl, and a furry woodland spirit--what do these have in common? They all spring from the mind of Hayao Miyazaki, one of the greatest living animators, known worldwide for films such as My Neighbor Totoro, Princess Mononoke, Spirited Away, Howl's Moving Castle, and The Wind Rises. Japanese culture and animation scholar Susan Napier explores the life and art of this extraordinary Japanese filmmaker to provide a definitive account of his oeuvre. Napier insightfully illuminates the multiple themes crisscrossing his work, from empowered women to environmental nightmares to utopian dreams, creating an unforgettable portrait of a man whose art challenged Hollywood dominance and ushered in a new chapter of global popular culture"--Dust jacket. 
526 8 |a AAL 
541 |a Donated by Embassy of Japan in Bangladesh, Read Japan Project 2025, The Tokyo Foundation, supported by The Nippon Foundation.  |e 45796 
600 1 0 |a Miyazaki, Hayao,  |d 1941-  |x Criticism and interpretation.  |9 60841 
600 1 7 |a Miyazaki, Hayao,  |d 1941-  |9 60842 
600 1 7 |a Miyazaki, Hayao  |d 1941-  |9 60842 
650 0 |a Animators  |z Japan  |v Biography.  |9 60843 
650 0 |a Animation (Cinematography)  |z Japan.  |9 60844 
650 7 |a Animated films. 
650 7 |a Animators.  |9 60845 
650 7 |a Anime  |9 60846 
651 7 |a Japan. 
655 7 |a Biography. 
655 7 |a Biographies. 
852 1 |a Ayesha Abed Library  |c General Stacks 
942 |2 ddc  |c BK 
999 |c 47979  |d 47979 
952 |0 0  |1 0  |2 ddc  |4 0  |6 791_430233092000000_NAP  |7 0  |9 79226  |a BRACUL  |b BRACUL  |d 2026-05-18  |e Donated by Embassy of Japan in Bangladesh, Read Japan Project 2025, The Tokyo Foundation, supported by The Nippon Foundation.  |l 0  |o 791.430233092 NAP  |p 3010045796  |r 2026-05-18  |t 1  |w 2026-05-18  |y BK  |x Donated copy received from Embassy of Japan in Bangladesh, Read Japan Project 2025, The Tokyo Foundation, supported by The Nippon Foundation on 08 April 2026; $17.44